Szczegóły MARC21

Podstawy finansów przedsiębiorstwa /

005 -DATA I CZAS OSTATNIEJ MODYFIKACJI [,]
    • @
    • pole kontrolne
    • 20071116111717.0
020 -Międzynarod. znormalizowany nr książki - ISBN [ , ]
    • a
    • Numer ISBN
    • 8385809600 Find
040 -Instytucja sporządzająca opis [ , ]
    • a
    • Instytucja, która sporządziła opis (NP)
    • SZCZ U
    • c
    • Instytucja, która sporządziła rekord (NP)
    • SZCZ U
    • d
    • Instytucja, która zmodyfikowała rekord (P)
    • SZCZ U/OG
041 -Język dokumentu [0, ]
    • a
    • Język tekstu (P)
    • polski
044 -Kraj miejsca wydania [ , ]
    • a
    • Kraj miejsca wydania
    • Polska
942 -Rodzaj dokumentu [ , ]
    • c
    • Rodzaj dokumentu
    • Książka
100 -Hasło główne - nazwa osobowa [1, ]
    • a
    • Nazwa osobowa (NP)
    • Bielawska, Aurelia.
245 -Strefa tytułu i oznaczenia odpowiedzialności [1,0]
    • a
    • Tytuł
    • Podstawy finansów przedsiębiorstwa / Find
    • c
    • Pozostałe elementy strefy tytułu i oznaczenia odpowiedzialności (NP)
    • Aurelia Bielawska.
260 -Strefa adresu wydawniczego [ , ]
    • a
    • Miejsce wydania (P)
    • Szczecin :
    • b
    • Nazwa wydawcy (P)
    • Wydaw. Zachodniopomorskiej Szkoły Biznesu,
    • c
    • Data wydania (P)
    • 2001.
300 -Strefa opisu fizycznego [ , ]
    • a
    • Określenie formy książki i/lub objętość (NP)
    • 335 s. :
    • b
    • Oznaczenie ilustracji (NP)
    • wykr. ;
    • c
    • Format (NP)
    • 24 cm.
440 -Strefa serii i książki wielotomowej - forma do wyszukiwania [ ,0]
    • a
    • Tytuł (NP)
    • Master of Business Administration Find
    • 9
    • KHW
    • 47050
500 -Uwaga ogólna [ , ]
    • a
    • Uwaga ogólna (NP)
    • Bibliogr.
080 -Uniwersalna Klasyfikacja Dziesiętna [ , ]
    • 2
    • Identyfikator wydania tablic
    • UDC-P022
    • a
    • Symbol klasyfikacji
    • 658.14/.17
    • b
    • Dopowiedzenie
    • Zagadnienia finansowe przedsiębiorstwa. Rozrachunek gospodarczy. Fundusz zakładowy.
080 -Uniwersalna Klasyfikacja Dziesiętna [ , ]
    • 2
    • Identyfikator wydania tablic
    • UDC-P022
    • a
    • Symbol klasyfikacji
    • 330.322
    • b
    • Dopowiedzenie
    • Inwestycje. Tworzenie kapitału.
980 -Symbol UKD [ , ]
    • a
    • UKD
    • 658.14/.17:330.322
920 -ISBN [ , ]
    • a
    • ISBN
    • 83-85809-60-0 Find
Lokalizacja Data inwentaryzacji Status udost. Numer inwentarzowy Sygnatura
BE2002-03-04-3S.89212 
BE2002-07-22-3S.89979 
BE2007-07-04-2S.92923 
T2001-01-102T.3836 
T2001-01-10-6T.3837 
T2001-01-10-2T.3838 
T2001-01-10-3T.3839 
T2001-01-10-3T.3840 
T2001-01-10-6T.3841 
T2001-01-10-3T.3843 
T2001-01-10-6T.3844 
T2001-01-10-3T.3845 
T2001-01-10-3T.3846 
T2001-01-10-3T.3847 
T2001-01-10-3T.3848 
T2001-01-10-6T.3849 
T2001-01-10-3T.3850 
T2001-01-10-3T.3851 
T2001-01-10-3T.3852 
T2001-01-10-3T.3853 
T2001-01-10-3T.3854 
T2001-01-10-6T.3855 
T2001-02-27-2T.4237T.4237
T2001-02-27-3T.4238 
T2001-02-27-3T.4239 
T2001-02-27-3T.4240 
T2001-02-27-3T.4241 
T2001-02-27-3T.4242 
T2001-02-27-3T.4243 
T2001-02-27-3T.4244 
T2001-02-27-6T.4245 
T2001-02-27-3T.4246 
T2001-02-27-6T.4247 
T2001-02-27-3T.4249 
T2001-02-27-3T.4250 
T2001-02-27-3T.4253 
T2001-02-27-3T.4254 
T2002-03-04-3T.6496 
T2002-03-04-3T.6497 
T2005-04-11-3TM.3184 
T2006-03-01-3TM.3916 
T2006-06-29-3TM.4307 
T2007-07-06-6T.9522 
T2001-01-10-3T.3842 
T2008-03-10-3TM.5318 
T2009-01-16-3TM.6249 
T2009-01-16-6TM.6250 
T2009-01-16-6TM.6251 
T2009-01-16-3TM.6252 
T2010-10-22-6TM.7411 
T2001-02-27-6T.4251 
T2001-02-27-6T.4252 
T2001-02-27-6T.4248